Economic recovery fuels investor demand (Record no. 117350)

MARC details
000 -LEADER
fixed length control field 01070cam a2200241 4500
001 - CONTROL NUMBER
control field WB4018-05
008 - FIXED-LENGTH DATA ELEMENTS--GENERAL INFORMATION
fixed length control field 040513n2004 000 0 eng u
035 ## - SYSTEM CONTROL NUMBER
System control number (Sirsi) u126198
245 ## - TITLE STATEMENT
Title Economic recovery fuels investor demand
260 ## - PUBLICATION, DISTRIBUTION, ETC.
Date of publication, distribution, etc. 2004
490 ## - SERIES STATEMENT
Series statement RICS Economic Forecasts
Volume/sequential designation 12 May 2004 (4)
520 ## - SUMMARY, ETC.
Summary, etc. The latest "RICS Economic forecast: UK commercial property" shows that residential buy-to-let investors are switching to business premises. Rents are poised to rise as the economic recovery continues. Meanwhile the commercial property market is expected to see further good returns to investors in 2004. The report is available on the RICS website, http://www.rics.org/ricscms/bin/show?class=Economi cForecasts&template=/includes/showeconomicforecast s.html&id=21.
590 ## - LOCAL NOTE (RLIN)
Local note WB
590 ## - LOCAL NOTE (RLIN)
Local note WB
650 ## - SUBJECT ADDED ENTRY--TOPICAL TERM
Topical term or geographic name entry element BUY-TO-LET
650 ## - SUBJECT ADDED ENTRY--TOPICAL TERM
Topical term or geographic name entry element RESIDENTIAL PROPERTY
9 (RLIN) 6266
650 ## - SUBJECT ADDED ENTRY--TOPICAL TERM
Topical term or geographic name entry element OFFICE PROPERTY
650 ## - SUBJECT ADDED ENTRY--TOPICAL TERM
Topical term or geographic name entry element RENTAL MARKET
650 ## - SUBJECT ADDED ENTRY--TOPICAL TERM
Topical term or geographic name entry element INVESTORS
650 ## - SUBJECT ADDED ENTRY--TOPICAL TERM
Topical term or geographic name entry element ECONOMIC RECOVERY
690 ## - LOCAL SUBJECT ADDED ENTRY--TOPICAL TERM (OCLC, RLIN)
Topical term or geographic name as entry element COMMERCIAL PROPERTY-MARKET
942 ## - ADDED ENTRY ELEMENTS (KOHA)
Suppress in OPAC 0
Holdings
Withdrawn status Lost status Source of classification or shelving scheme Damaged status Not for loan Home library Current library Shelving location Date acquired Total Checkouts Full call number Barcode Date last seen Copy number Price effective from Koha item type
    Dewey Decimal Classification     London London News article 13/05/2004   WB4018-05 126198-1001 06/08/2019 1 06/08/2019 News article